| 000 | 00364 a2200169 4500 | ||
|---|---|---|---|
| 001 | 60569 | ||
| 020 | _a8532506860 | ||
| 040 | _cAnchieta - Pituba | ||
| 100 | _aGriswold, Robert | ||
| 240 | 1 | 0 |
_aComo atrair dinheiro _lpor |
| 245 | 1 | 0 | _aComo atrair dinheiro |
| 300 | _a175 | ||
| 362 | 0 | _a1996 | |
| 440 | 1 | _aRocco | |
| 650 | 4 | _aPsicologia aplicada | |
| 942 | _cBK | ||
| 999 |
_c60569 _d60569 |
||